logo

Bir Sreshtho Munshi Abdur Rouf Library
Jhenaidah Cadet College

Things fall apart / (Record no. 10631)

MARC details
000 -LEADER
fixed length control field 00763nam a2200265 a 4500
001 - CONTROL NUMBER
JCCL Control Number 10631
003 - CONTROL NUMBER IDENTIFIER
JCCL marc code BD-JhCC
005 - DATE AND TIME OF LATEST TRANSACTION
control field 20221124134023.0
008 - FIXED-LENGTH DATA ELEMENTS--GENERAL INFORMATION
fixed length control field 180730s1994 pau b 001 0 eng
020 ## - INTERNATIONAL STANDARD BOOK NUMBER
International Standard Book Number 0385474547
035 ## - SYSTEM CONTROL NUMBER
system control number (BD-JhCC)10631
040 ## - CATALOGING SOURCE
Original cataloging agency DLC
Transcribing agency DLC
Modifying agency DLC
-- BD-JhCC
041 ## - LANGUAGE CODE
Language code of Book eng
050 00 - LIBRARY OF CONGRESS CALL NUMBER
Classification number PR9387.9.A3
Item number T52396 2002
082 00 - DEWEY DECIMAL CLASSIFICATION NUMBER
Classification number 823/.914
DDC Edition number 21
Author mark and Year ACH 1994
100 ## - MAIN ENTRY--PERSONAL NAME
Personal name Achebe, Chinua
245 00 - TITLE STATEMENT
Title Things fall apart /
Statement of responsibility, etc Chinua Achebe
260 ## - PUBLICATION, DISTRIBUTION, ETC. (IMPRINT)
Place of publication, distribution, etc New York :
Name of publisher, distributor, etc Anchor Books,
Date of publication, distribution, etc c1994.
300 ## - PHYSICAL DESCRIPTION
Pagination vii, 216 p. ;
Dimensions 24 cm.
440 #0 -
Title Modern critical interpretations
600 10 - SUBJECT ADDED ENTRY--PERSONAL NAME
Personal name Achebe, Chinua.
Title of a work Things fall apart.
650 #0 - SUBJECT ADDED ENTRY--TOPICAL TERM
Topical term or geographic name as entry element Igbo (African people) in literature.
651 #0 - SUBJECT ADDED ENTRY--GEOGRAPHIC NAME
Geographic name Nigeria
General subdivision In literature.
942 ## - ADDED ENTRY ELEMENTS (KOHA)
Source of classification or shelving scheme Dewey Decimal Classification
Koha item type Books
Koha issues (borrowed), all copies 7
Holdings
Source of classification or shelving scheme Damaged status Not for loan Home library Current library Shelving location Date of accession Cost, normal purchase price Total Checkouts Full call number Barcode Date last seen Date checked out Copy number Koha item type
Dewey Decimal Classification     JCC Rouf Library JCC Rouf Library General Stacks 07/30/2018 1198.00 13 823/.914 ACH 1994 14208 02/13/2025 01/29/2025 C-1 Books

JCC Library | Contacts | JCC Home

Last Update on 23 September 2017
Copyright @ 2017-2020 JCC Rouf Library
Rouf Library, Jhenidah Cadet College (JCC), Bangladesh